Justicia política y justicia distributiva /

Guardado en:
Bibliografiske detaljer
Hovedforfatter: Godoy Arcaya, Oscar
Format: Texto
Fag:
Tags: Tilføj Tag
Ingen Tags, Vær først til at tagge denne postø!

MARC

LEADER 00000 a a2200000 04500
001 3820
003
040
100 |a Godoy Arcaya, Oscar  
245 |a Justicia política y justicia distributiva /  |c Oscar Godoy Arcaya 
650 |a JUSTICIA SOCIAL  
650 |a PROPIEDAD  
650 |a DISTRIBUCION DE LA RIQUEZA  
650 |a DEMOCRACIA  
650 |a BIENES  
773 |g volumen 17, número 3 (67); páginas 7-25  
999 |c 22325  |d 22325